Top 30 Most Popular Movies of All Time - Statistics

General Stats
  • This quiz has been taken 52 times
  • The average score is 11 of 30
Answer Stats
Top Movie % Correct
2 Avatar
71%
3 Avengers : Endgame
71%
5 Avengers: Infinity War
68%
19 The Godfather
68%
1 Titanic
66%
4 Star Wars: Episode IV – A New Hope
63%
7 The Lion King
63%
17 Pulp Fiction
51%
12 Spider-Man: No Way Home
51%
8 The Dark Knight
51%
16 The Shawshank Redemption
44%
11 Frozen
39%
10 The Lord of the Rings: The Return of the King
39%
9 Harry Potter and the Philosopher’s Stone
37%
22 Toy Story
37%
21 Interstellar
34%
20 Jaws
34%
6 Jurassic Park
34%
15 Forrest Gump
29%
13 Inception
29%
24 Back to the Future
27%
27 Fight Club
22%
14 The Matrix
22%
26 The Fast and the Furious
20%
25 The Terminator
20%
30 Shrek
15%
23 Pirates of the Caribbean: The Curse of the Black Pearl
12%
28 The Hunger Games
5%
29 The Wolf of Wall Street
5%
18 Gladiator
2%
No matching quizzes found
Score Distribution
Percent of People with Each Score
Percentile by Number Answered
Your Score History
You have not taken this quiz